000 01327cam a22003254a 4500
001 13293980
003 CEME
005 20210628201530.0
008 030729s2004 flua b 001 0 eng
010 _a 2003061067
020 _a0849315921 (alk. paper)
040 _aDLC
_cDLC
_dDLC
042 _apcc
050 0 0 _aTA660.P6
_bR42 2004
082 0 0 _a624.1/7765
_222
100 1 _aReddy, J. N.
_q(Junuthula Narasimha),
_d1945-
_926732
245 1 0 _aMechanics of laminated composite plates and shells :
_btheory and analysis /
_cJ.N. Reddy.
250 _a2nd ed.
260 _aBoca Raton :
_bCRC Press,
_cc2004.
300 _axxiii, 831 p. :
_bill. ;
_c26 cm.
500 _aRev. ed. of: Mechanics of laminated composite plates. c1997.
504 _aIncludes bibliographical references and index.
650 0 _aPlates (Engineering)
_xMathematical models.
_955683
650 0 _aShells (Engineering)
_xMathematical models.
_955684
650 0 _aLaminated materials
_xMechanical properties
_xMathematical models.
_955685
650 0 _aComposite materials
_xMechanical properties
_xMathematical models.
_955686
700 1 _q(Junuthula Narasimha),
_d1945-.
_tMechanics of laminated composite plates.
_955687
856 4 2 _3Publisher description
_uhttp://www.loc.gov/catdir/enhancements/fy0646/2003061067-d.html
942 _2ddc
_cBK
999 _c566432
_d566432